|
|
|
|
| LEADER |
00690nam a2200205 a 4500 |
| 001 |
1096 |
| 003 |
BD-DhAAL |
| 008 |
|
| 020 |
|
|
|a 0304316768
|
| 040 |
|
|
|d BD-DhAAL
|
| 082 |
|
|
|a 658/.007/1073 s 651.3
|
| 100 |
1 |
|
|a Titman, Lionel G.
|9 14574
|
| 245 |
0 |
0 |
|a EFFECTIVE OFFICE ;
|b a handbook of modern office management.
|
| 260 |
|
|
|b CASSELL
|c 1990.
|
| 300 |
|
|
|a 538 p. :
|c 25 cm. ;
|
| 541 |
|
|
|e 1096
|
| 650 |
|
|
|a Office management.
|9 14575
|
| 942 |
|
|
|2 ddc
|c BK
|
| 999 |
|
|
|c 35508
|d 35508
|
| 952 |
|
|
|0 0
|1 0
|2 ddc
|4 0
|6 658_000000000000000__007_1073651_3_TIM
|7 0
|9 55848
|a SCL
|b SCL
|c GEN
|d 2015-09-11
|g 3750.00
|l 0
|o 658.0071073651.3 TIM
|p 3020001096
|r 2015-09-11
|t 1
|w 2015-09-11
|y BK
|